[Event "Reykjavik Open 2015"]
[Site "Reykjavik ISL"]
[Date "2015.03.12"]
[Round "4.70"]
[White "Edvardsson, Kristjan"]
[Black "Sibiya, Ruddy T"]
[Result "1-0"]
[WhiteElo "2176"]
[BlackElo "1784"]
[WhiteFideId "2300893"]
[BlackFideId "14308711"]
[EventDate "2015.03.10"]

1. d4 Nf6 2. c4 c5 3. d5 b5 4. cxb5 a6 5. bxa6 Bxa6 6. Nc3 g6 7. Nf3 Bg7 8. g3
d6 9. Bg2 O-O 10. O-O Nbd7 11. Rb1 Ng4 12. Bd2 Qa5 13. Qc1 Rfb8 14. h3 Nge5 15.
Nh4 Nc4 16. Be1 Ra7 17. b3 Ncb6 18. a4 Nc8 19. Nb5 Qb6 20. Nxa7 Qxa7 21. Qc2 Nf6
22. Bc3 Nb6 23. Rfd1 Nbd7 24. Nf3 Bb7 25. e4 Ra8 26. Bf1 Ba6 27. Bxa6 Qxa6 28.
Nd2 Qe2 29. Re1 Qa6 30. Nc4 Nb6 31. Nxb6 Qxb6 32. Kh2 1-0

[Event "Reykjavik Open 2015"]
[Site "Reykjavik ISL"]
[Date "2015.03.12"]
[Round "4.71"]
[White "Halldorsson, Jon Arni"]
[Black "De Winter, Eric"]
[Result "1/2-1/2"]
[WhiteElo "2150"]
[BlackElo "1776"]
[WhiteFideId "2301075"]
[BlackFideId "1033069"]
[EventDate "2015.03.10"]

1. d4 Nf6 2. c4 g6 3. f3 Bg7 4. e4 d6 5. Nc3 Nc6 6. Be3 e5 7. d5 Ne7 8. Qd2 h6
9. Nge2 Nd7 10. g4 Nb6 11. Ng3 f5 12. gxf5 gxf5 13. Nh5 Kf7 14. Rg1 Ng6 15. Rxg6
Qh4+ 16. Rg3 Qxh5 17. exf5 Bxf5 18. O-O-O Bf6 19. Bd3 Bxd3 20. Qxd3 Rag8 21. Qe2
Rxg3 22. hxg3 Bg5 23. b3 a6 24. f4 Qxe2 25. Nxe2 exf4 26. gxf4 Bf6 27. Ng3 Nc8
28. Nh5 Rg8 29. Rh1 Be7 30. Rh2 Rg4 31. Kd2 Bf8 32. Ke2 Ne7 33. Kf3 Rg6 34. Ng3
Ke8 35. Rh5 Ng8 36. Rh1 Bg7 37. f5 Rf6 38. Re1 Kd7 39. Bd4 Rf7 40. Bxg7 Rxg7 41.
Re6 Rf7 42. Kf4 Nf6 43. Ne4 Nh5+ 44. Kg4 Ng7 45. Nf6+ Kd8 46. Ne4 h5+ 47. Kg5
Rxf5+ 48. Kg6 Nxe6 49. Kxf5 Nd4+ 1/2-1/2

[Event "Reykjavik Open 2015"]
[Site "Reykjavik ISL"]
[Date "2015.03.12"]
[Round "4.72"]
[White "Jonsson, Olafur Gisli"]
[Black "Rueger, Erhard"]
[Result "0-1"]
[WhiteElo "1899"]
[BlackElo "2133"]
[WhiteFideId "2302705"]
[BlackFideId "4609611"]
[EventDate "2015.03.10"]

1. e4 c5 2. Nf3 e6 3. d4 cxd4 4. Nxd4 a6 5. Bd3 Bc5 6. Nb3 Ba7 7. O-O d6 8. Nc3
Nf6 9. Qe2 O-O 10. Kh1 Qc7 11. Bg5 Nbd7 12. Rad1 b5 13. f4 Bb7 14. f5 b4 15. Nb1
e5 16. a3 a5 17. axb4 axb4 18. N1d2 Rfe8 19. Qe1 d5 20. Qh4 Rac8 21. exd5 Bxd5
22. Ne4 Qc6 23. Nbd2 Nxe4 24. Nxe4 f6 25. Bd2 Nc5 26. Rde1 b3 27. Rf3 Nxe4 28.
Bxe4 Bxe4 29. Rxe4 bxc2 30. Rc3 Qb6 31. Re1 Qd4 32. Qxd4 Bxd4 33. Rb3 Red8 34.
Bc1 Bf2 0-1

[Event "Reykjavik Open 2015"]
[Site "Reykjavik ISL"]
[Date "2015.03.12"]
[Round "4.73"]
[White "Birkisson, Bardur Orn"]
[Black "Weichelt, Jens"]
[Result "0-1"]
[WhiteElo "1839"]
[BlackElo "2132"]
[WhiteFideId "2310597"]
[BlackFideId "4637771"]
[EventDate "2015.03.10"]

1. e4 d5 2. exd5 Qxd5 3. Nf3 Nf6 4. d4 Bg4 5. Be2 e6 6. O-O Qd6 7. c4 c6 8. Nc3
Be7 9. Be3 O-O 10. h3 Bh5 11. Ne5 Bxe2 12. Qxe2 Na6 13. Rad1 Nc7 14. Bf4 Qd8 15.
Rfe1 Re8 16. Ne4 Nxe4 17. Qxe4 Bd6 18. Re3 f6 19. Rg3 Bxe5 20. Bxe5 fxe5 21.
Qxe5 Re7 22. h4 Qf8 23. Re1 Rf7 24. Re4 Re8 25. Reg4 Ree7 26. Qe3 Ne8 27. h5 Nd6
28. Rh3 Nf5 29. Qd2 Kh8 30. h6 Rf6 31. hxg7+ Rxg7 32. Rxg7 Qxg7 33. Qd3 Rg6 34.
Qe4 Qxd4 35. Qxd4+ Nxd4 36. Rd3 c5 37. b4 b6 38. bxc5 bxc5 39. Ra3 Rg7 40. f3
Rb7 41. Ra5 Rc7 42. Kf2 Kg7 43. Ke3 Nf5+ 44. Kf4 Nd6 45. Ra6 Nxc4 46. Rxe6 Nb6
47. Ke3 c4 48. Kd2 Nd5 49. Re4 Nb4 50. a3 c3+ 51. Kc1 Nd5 52. Rd4 Rc5 53. Re4
Kf6 54. Kc2 h5 55. g3 a5 56. Re8 Kf7 57. Re4 Nc7 58. Re3 Nb5 59. a4 Nd4+ 60. Kc1
c2 61. f4 Kf6 62. Re1 Nb3+ 0-1

[Event "Reykjavik Open 2015"]
[Site "Reykjavik ISL"]
[Date "2015.03.12"]
[Round "4.74"]
[White "Johansen, Arnt-Ole"]
[Black "Thorsteinsson, Erlingur"]
[Result "0-1"]
[WhiteElo "1819"]
[BlackElo "2119"]
[WhiteFideId "1516728"]
[BlackFideId "2301091"]
[EventDate "2015.03.10"]

1. c4 e5 2. g3 Nc6 3. Bg2 g6 4. Nc3 Bg7 5. e4 d6 6. Nge2 Bg4 7. f3 Be6 8. d3 Qd7
9. Nd5 f5 10. Be3 Nf6 11. Qd2 O-O 12. O-O fxe4 13. dxe4 Rf7 14. Rac1 b6 15. b4
Rc8 16. Rfd1 Ne8 17. a3 Ne7 18. Bg5 Nc6 19. Be3 Ne7 20. Qd3 Nc6 21. Qb3 Nd8 22.
Qd3 c6 23. Ndc3 Qb7 24. c5 dxc5 25. bxc5 b5 26. Qc2 Bc4 27. Rd2 Ne6 28. Nd1 Rd8
29. Rxd8 Nxd8 30. Nb2 Be6 31. Nd3 Rd7 32. f4 Nf7 33. Nxe5 Nxe5 34. fxe5 Bxe5 35.
Nf4 Bc4 36. Bh3 Re7 37. Nd3 Bf6 38. e5 Bxd3 39. Qxd3 Bxe5 40. Bg5 Nf6 41. Qd8+
Kg7 42. Rd1 Qc7 43. Qd3 h6 44. Bxf6+ Bxf6 45. Bg2 Qe5 46. Qd6 Re6 47. Qxe5 Rxe5
48. Bxc6 Rxc5 49. Rd7+ Kf8 50. Be4 Rc3 51. Rb7 a6 52. a4 bxa4 53. Rb8+ Ke7 54.
Ra8 g5 55. Rxa6 a3 56. Bd5 Bd4+ 57. Kg2 g4 58. Kf1 Rc5 59. Be6 h5 60. Bb3 Rf5+
61. Ke2 Bc5 62. Rc6 Re5+ 63. Kf1 Bd6 64. Ra6 Rc5 65. Ra7+ Kf6 66. Ke2 Rc3 67.
Rb7 a2 68. Rf7+ Kg6 0-1

[Event "Reykjavik Open 2015"]
[Site "Reykjavik ISL"]
[Date "2015.03.12"]
[Round "4.75"]
[White "Sigurdsson, Birkir Karl"]
[Black "Kenney, Jason"]
[Result "0-1"]
[WhiteElo "1767"]
[BlackElo "2104"]
[WhiteFideId "2304180"]
[BlackFideId "2606690"]
[EventDate "2015.03.10"]

1. d4 Nf6 2. c4 Nc6 3. Nf3 e6 4. Nc3 Bb4 5. Qc2 d6 6. Bd2 O-O 7. a3 Bxc3 8. Bxc3
a5 9. e3 Qe7 10. Bd3 e5 11. dxe5 dxe5 12. Be2 Re8 13. Rd1 a4 14. O-O Qc5 15. Ng5
h6 16. Ne4 Nxe4 17. Qxe4 Be6 18. Rfe1 f5 19. Qh4 Rf8 20. Rd5 Qa7 21. Rdd1 f4 22.
Bf3 fxe3 23. Rxe3 Rf4 24. Qg3 Raf8 25. Bxc6 bxc6 26. Bxe5 Rg4 27. Qh3 Qc5 28.
Bg3 Bc8 29. Rf3 Rd4 30. Rxf8+ Qxf8 31. Rxd4 Bxh3 32. gxh3 Qf6 33. Rd2 Qe6 34.
Rd4 Qxh3 35. Bxc7 Qf5 36. Kg2 Qf6 37. Rd6 Qxb2 38. Rd3 Qc1 39. Rg3 Qxc4 40. Kg1
Qd4 41. Re3 g5 42. Be5 Qg4+ 43. Bg3 Kf7 44. Kg2 Kg6 45. Re8 Qc4 46. Re3 Qd5+ 47.
Kg1 Kf5 48. h4 gxh4 0-1

[Event "Reykjavik Open 2015"]
[Site "Reykjavik ISL"]
[Date "2015.03.12"]
[Round "4.76"]
[White "Van den Bersselaar, Jeroen"]
[Black "Lee, Gudmundur Kristinn"]
[Result "1-0"]
[WhiteElo "2083"]
[BlackElo "1676"]
[WhiteFideId "1006282"]
[BlackFideId "2303361"]
[EventDate "2015.03.10"]

1. d4 Nf6 2. Nf3 g6 3. Nbd2 Bg7 4. e4 d6 5. Bd3 O-O 6. O-O Nc6 7. c3 e5 8. dxe5
dxe5 9. Nc4 Qe7 10. Re1 Nd7 11. b4 b5 12. Ne3 a6 13. Nd5 Qd6 14. a4 bxa4 15.
Qxa4 Nb6 16. Qxc6 Nxd5 17. exd5 f5 18. Bc4 Rb8 19. Bg5 Rb6 20. Qxd6 cxd6 21. Be3
Rb8 22. Bxa6 f4 23. Bd2 Rf5 24. Bxc8 Rxc8 25. Ra6 Rd8 26. b5 g5 27. h3 h5 28. b6
g4 29. hxg4 hxg4 30. Nh2 g3 31. fxg3 fxg3 32. Nf3 e4 33. Rxe4 Rxd5 34. b7 Rb5
35. Rb4 1-0

[Event "Reykjavik Open 2015"]
[Site "Reykjavik ISL"]
[Date "2015.03.12"]
[Round "4.77"]
[White "Gasanova, Ulker"]
[Black "Djurhuus, Eivind X"]
[Result "0-1"]
[WhiteElo "1645"]
[BlackElo "2077"]
[WhiteFideId "2302055"]
[BlackFideId "1515721"]
[EventDate "2015.03.10"]

1. e4 c5 2. Nf3 e6 3. d4 cxd4 4. Nxd4 Nc6 5. Nc3 Qc7 6. Ndb5 Qb8 7. Be2 a6 8.
Nd4 Bd6 9. g3 Nf6 10. O-O b5 11. a3 Bb7 12. Be3 Nxd4 13. Qxd4 Be5 14. Qb4 Bd6
15. Qd4 O-O 16. Rad1 Be5 17. Qd3 Bxc3 18. Qxc3 Bxe4 19. Bf4 Qb7 20. Be5 Rac8 21.
Qd4 Rxc2 22. Rfe1 Bh1 23. Bf1 Rc4 24. Qd3 Ng4 25. Bd4 Bf3 26. Be2 Bxe2 27. Rxe2
Qd5 28. b3 Rcc8 29. h3 Nh6 30. Re5 Qc6 31. Kh2 Qc2 32. Qxc2 Rxc2 33. Kg2 f6 34.
Rc5 Rxc5 35. Bxc5 Rc8 36. Be3 d5 37. Kf3 Rc3 38. Ke2 Rxb3 39. Rd3 Rb2+ 40. Rd2
Rxd2+ 41. Bxd2 Nf5 42. Kd3 Kf7 43. Bb4 e5 44. Bc5 Ke6 45. h4 g6 46. Bb4 Nd6 47.
Ke3 f5 48. f3 d4+ 49. Kd3 Kd5 0-1

[Event "Reykjavik Open 2015"]
[Site "Reykjavik ISL"]
[Date "2015.03.12"]
[Round "4.79"]
[White "Ugland, Torge"]
[Black "Miller, David"]
[Result "0-1"]
[WhiteElo "1636"]
[BlackElo "2066"]
[WhiteFideId "1508873"]
[BlackFideId "2608634"]
[EventDate "2015.03.10"]

1. e4 c5 2. d4 cxd4 3. c3 dxc3 4. Nxc3 Nc6 5. Nf3 d6 6. Bc4 a6 7. O-O Nf6 8. Qe2
Bg4 9. h3 Bxf3 10. gxf3 e6 11. Kh2 Qc7 12. Bf4 Nh5 13. Bg3 Be7 14. Rfe1 Nxg3 15.
fxg3 h5 16. Kg2 h4 17. Qf2 hxg3 18. Qxg3 Ne5 19. Bb3 Bh4 20. Qxg7 Ke7 21. Rac1
Qb6 0-1

[Event "Reykjavik Open 2015"]
[Site "Reykjavik ISL"]
[Date "2015.03.12"]
[Round "4.80"]
[White "Meier, Gerd"]
[Black "Ragnarsson, Dagur"]
[Result "0-1"]
[WhiteElo "1868"]
[BlackElo "2347"]
[WhiteFideId "4682971"]
[BlackFideId "2304058"]
[EventDate "2015.03.10"]

1. e4 e6 2. d4 d5 3. e5 c5 4. Nf3 Nc6 5. Bd3 cxd4 6. O-O Nge7 7. Bf4 Ng6 8. Bg3
Be7 9. a3 a5 10. a4 f5 11. exf6 Bxf6 12. Bxg6+ hxg6 13. Qd3 Kf7 14. Na3 e5 15.
Qb3 Rb8 16. Nb5 Be6 17. Rfe1 Rh5 18. Rad1 Qd7 19. Nfxd4 exd4 20. Bxb8 Nxb8 21.
Nxd4 Bxd4 22. Rxd4 Nc6 23. Rf4+ Rf5 24. Rh4 Qc8 25. Qg3 Rf6 26. c3 Ne7 27. Qd3
Qc5 28. Qd4 Qxd4 29. Rxd4 Nf5 30. Rd3 Nd6 31. Rd4 g5 32. b4 b6 33. Rc1 Rf4 34.
g3 Rxd4 35. cxd4 Nc4 36. bxa5 bxa5 37. Rc2 Bd7 38. Ra2 Nb6 39. Rb2 Nxa4 40. Rb7
Ke6 41. Ra7 Nc3 42. Rxa5 Ne2+ 43. Kg2 Nxd4 44. f3 Nc6 45. Ra3 d4 46. Kf2 Kd5 47.
h4 gxh4 48. gxh4 g6 49. Ke2 Bf5 50. Ra6 Bd3+ 0-1

[Event "Reykjavik Open 2015"]
[Site "Reykjavik ISL"]
[Date "2015.03.12"]
[Round "4.81"]
[White "Foisor, Sabina-Francesca"]
[Black "Hauksson, Hordur Aron"]
[Result "1/2-1/2"]
[WhiteTitle "WGM"]
[WhiteElo "2279"]
[BlackElo "1853"]
[WhiteFideId "1212915"]
[BlackFideId "2303680"]
[EventDate "2015.03.10"]

1. d4 Nf6 2. c4 e6 3. Nc3 Bb4 4. Qc2 d5 5. Nf3 O-O 6. Bg5 b6 7. cxd5 exd5 8. e3
h6 9. Bh4 c5 10. Bd3 Ba6 11. dxc5 Bxd3 12. Qxd3 bxc5 13. O-O Bxc3 14. Qxc3 Nbd7
15. Rfd1 Qb6 16. Ne5 d4 17. Nxd7 dxc3 18. Nxb6 cxb2 19. Nxa8 bxa1=Q 20. Rxa1
Rxa8 21. Bxf6 gxf6 22. Rc1 Rb8 23. Kf1 Rb5 24. Rc2 Kf8 25. Ke2 Ke7 26. Rd2 Ke6
27. Kd1 Ra5 28. Kc1 Ra6 29. Kb2 Rb6+ 30. Kc3 Rb1 31. h4 f5 32. g3 Rc1+ 33. Kb2
Rf1 34. Kc2 Ra1 35. Kb3 Rc1 36. h5 Rb1+ 37. Kc3 Rc1+ 38. Kb3 Rb1+ 39. Kc2 Ra1
40. Kd3 Kd5 41. Rc2 Rb1 42. Ke2 Rb4 43. Kf3 Ra4 44. Rd2+ Ke5 45. Ke2 Ra3 46. Kd1
c4 47. Rc2 c3 48. Ke2 Kf6 49. Kd3 Kg5 50. Kc4 a5 51. f3 Kxh5 52. Kd5 Kg5 53. Ke5
h5 54. e4 fxe4 55. Kxe4 f6 56. Kd4 h4 57. f4+ Kg4 58. gxh4 Kxh4 59. Ke4 Kg4 60.
Rg2+ Kh3 61. Rc2 Kg3 62. f5 Ra4+ 63. Kd5 Kf4 64. Rxc3 Kxf5 65. a3 Kg4 66. Kc6
Re4 67. Kd5 f5 68. Rc1 Re3 69. Rc4+ f4 70. Ra4 Kg3 71. Kd4 Re8 72. Rxa5 f3 73.
Rg5+ Kf2 74. a4 Ke2 75. Kc5 Rf8 76. a5 f2 77. Rg2 Kf3 78. Rxf2+ Kxf2 79. a6 Rf6
80. Kb5 1/2-1/2

[Event "Reykjavik Open 2015"]
[Site "Reykjavik ISL"]
[Date "2015.03.12"]
[Round "4.82"]
[White "Johansen, Lars"]
[Black "Quillien, Emmanuel"]
[Result "0-1"]
[WhiteElo "1855"]
[BlackElo "2202"]
[WhiteFideId "1506455"]
[BlackFideId "616524"]
[EventDate "2015.03.10"]

1. e4 e6 2. d4 d5 3. Nc3 Bb4 4. e5 c5 5. a3 Bxc3+ 6. bxc3 Ne7 7. Qg4 O-O 8. Bd3
Nbc6 9. Qh5 Ng6 10. Nf3 Qc7 11. Bd2 c4 12. Bxg6 fxg6 13. Qg4 b5 14. h4 Rf5 15.
Qh3 h6 16. Ng1 a5 17. Ne2 Rb8 18. g4 Rf8 19. h5 Qf7 20. f4 gxh5 21. Ng3 b4 22.
axb4 axb4 23. Nxh5 Qg6 24. g5 bxc3 25. Bxc3 Qe4+ 26. Kd2 Nxd4 27. Bxd4 Qxd4+ 28.
Ke2 Rb2 29. Rac1 c3 30. Qe3 Ba6+ 31. Kf3 Qxe3+ 32. Kxe3 hxg5 33. fxg5 Rf5 34.
Kd4 Rb4+ 35. Kxc3 Rc4+ 36. Kb3 Rg4 37. Rcg1 Rgxg5 38. Rxg5 Rxg5 39. Nf4 Rxe5 40.
Kc3 Re4 41. Nh5 Be2 0-1

[Event "Reykjavik Open 2015"]
[Site "Reykjavik ISL"]
[Date "2015.03.12"]
[Round "4.83"]
[White "Bjerke, Richard"]
[Black "Marshall, Michael"]
[Result "1/2-1/2"]
[WhiteTitle "FM"]
[WhiteElo "2180"]
[BlackElo "1844"]
[WhiteFideId "1500252"]
[BlackFideId "1409956"]
[EventDate "2015.03.10"]

1. e4 c5 2. Nf3 e6 3. d4 cxd4 4. Nxd4 Nc6 5. Nc3 Qc7 6. Be2 a6 7. O-O Nf6 8. Be3
Bb4 9. Na4 Be7 10. c4 O-O 11. Nc3 b6 12. Rc1 Bb7 13. Nxc6 dxc6 14. f4 Rfe8 15.
Qc2 Rad8 16. Rf3 Ng4 17. Bf2 Nxf2 18. Kxf2 e5 19. f5 Bg5 20. Rd1 Rxd1 21. Qxd1
Rd8 22. Rd3 Rxd3 23. Qxd3 Qd8 24. Qxd8+ Bxd8 25. Kf3 b5 26. a3 Bb6 27. a4 b4 28.
Na2 a5 29. Nc1 Kf8 30. Nb3 Ke7 31. c5 Bc7 32. Bc4 Bc8 33. g4 h6 34. h4 Bd7 35.
Nc1 Be8 36. Ke3 f6 37. h5 Bf7 38. Bxf7 Kxf7 39. Kd3 Ke7 40. Kc4 Kd7 41. Nd3 Bd8
42. Ne1 Be7 43. Nc2 Kc7 44. Ne3 Kb7 45. Ng2 Kc7 46. Ne1 Kb7 47. Nf3 Kc7 48. Nd2
Kb7 49. Nb3 Bd8 50. Nd2 Be7 51. Nf3 Kc7 52. Nh4 Kd7 53. Ng6 Kd8 54. b3 Kd7 55.
Nh4 Kc7 56. Ng2 Kb7 57. Ne3 Kc7 58. Nc2 Kb7 59. Ne1 Kc7 1/2-1/2

[Event "Reykjavik Open 2015"]
[Site "Reykjavik ISL"]
[Date "2015.03.12"]
[Round "4.84"]
[White "Halldorsson, Bragi"]
[Black "Arroyo Figuero, Fernando"]
[Result "0-1"]
[WhiteElo "2140"]
[BlackElo "1835"]
[WhiteFideId "2300907"]
[BlackFideId "22218769"]
[EventDate "2015.03.10"]

1. d4 d5 2. c4 e6 3. Nc3 Nf6 4. Bg5 Be7 5. e3 O-O 6. Nf3 Nbd7 7. Qc2 c5 8. dxc5
Nxc5 9. Rd1 b6 10. cxd5 exd5 11. Bxf6 Bxf6 12. Nxd5 Bb7 13. Bc4 Rc8 14. O-O Ne6
15. Qe2 Bxb2 16. Nc3 Qf6 17. Bxe6 fxe6 18. Na4 Ba3 19. Nd4 Qg6 20. f3 e5 21. Nb5
Ba6 22. e4 Qc6 23. Rd5 Bc5+ 24. Rxc5 bxc5 25. Qc4+ Kh8 26. Nac3 Rb8 27. a4 Rfd8
28. Rc1 Qh6 29. Nd5 Bxb5 30. axb5 Rxb5 31. Rd1 Rdb8 32. Qd3 Qg5 33. Nc3 Rb2 34.
Ne2 h6 0-1

[Event "Reykjavik Open 2015"]
[Site "Reykjavik ISL"]
[Date "2015.03.12"]
[Round "4.85"]
[White "Gonzalez Gonzalez, Alfonso"]
[Black "Lurdalen, Svein Erik"]
[Result "1-0"]
[WhiteElo "2122"]
[BlackElo "1824"]
[WhiteFideId "2223007"]
[BlackFideId "1519476"]
[EventDate "2015.03.10"]

1. d4 e6 2. Nf3 c5 3. c4 Nf6 4. Nc3 a6 5. g3 cxd4 6. Nxd4 Bc5 7. Nb3 Bb4 8. Bg2
Nc6 9. O-O O-O 10. Bf4 e5 11. Bg5 Bxc3 12. bxc3 Qe7 13. c5 a5 14. a4 Ra6 15. Bd5
Nd8 16. Bc4 Rc6 17. Bb5 Re6 18. Nxa5 Qxc5 19. Nb3 Qc7 20. a5 Ne4 21. Bxd8 Rxd8
22. c4 Rh6 23. Qd5 Nf6 24. Qc5 Qxc5 25. Nxc5 d6 26. Na4 Ng4 27. f3 Ne3 28. Rfc1
Nf5 29. Kg2 Nd4 30. Ra2 Bh3+ 31. Kf2 Nb3 32. Rd1 Be6 33. h4 Nxa5 34. Nc5 b6 35.
Nxe6 Rxe6 36. c5 d5 37. cxb6 Nb3 38. Rxd5 Rb8 39. b7 Rb6 40. Ra8 Rxb7 41. Rd8+ 1-0

[Event "Reykjavik Open 2015"]
[Site "Reykjavik ISL"]
[Date "2015.03.12"]
[Round "4.86"]
[White "Birkisson, Bjorn Holm"]
[Black "Thorhallsson, Gylfi"]
[Result "0-1"]
[WhiteElo "1845"]
[BlackElo "2084"]
[WhiteFideId "2310600"]
[BlackFideId "2300800"]
[EventDate "2015.03.10"]

1. e4 c5 2. d4 cxd4 3. c3 d3 4. Bxd3 Nc6 5. Nf3 d6 6. h3 Nf6 7. O-O e6 8. Qe2
Qc7 9. c4 Bd7 10. Nc3 Rc8 11. Rd1 a6 12. b3 Be7 13. Be3 Ne5 14. Rac1 O-O 15. Nd4
Rfd8 16. Bb1 Qa5 17. Bd2 Qc7 18. Be3 Ng6 19. Nf3 Qa5 20. Bd2 Qc7 21. Be3 Be8 22.
Kh1 Nd7 23. Kg1 Bf6 24. Na4 b6 25. Qd3 Nde5 26. Qe2 Bxa4 27. bxa4 Nxf3+ 28. Qxf3
Qc6 29. Qe2 Be5 30. g3 Rd7 31. f4 Bf6 32. h4 Rb7 33. h5 Nf8 34. g4 Be7 35. h6
Qxa4 36. hxg7 Ng6 37. Kg2 Rbc7 38. c5 Rxc5 39. Rxc5 bxc5 40. Rh1 Rb8 41. f5 Rxb1
42. Rxb1 Qxe4+ 43. Kh2 Qxb1 44. fxg6 Qxg6 45. Qxa6 Qxg4 46. a4 Qf3 47. Qa7 Bf6
48. Qb8+ Kxg7 49. Qxd6 Qxe3 50. Kg2 Qe4+ 51. Kf1 Qf3+ 52. Kg1 Bd4+ 53. Kh2 Qe2+
54. Kh3 Be5 55. Qxc5 Qf3+ 56. Kh4 Bf6+ 57. Qg5+ Bxg5+ 58. Kxg5 f6+ 59. Kh4 e5
60. a5 e4 61. a6 Kg6 62. a7 h5 63. a8=Q Qg4# 0-1

[Event "Reykjavik Open 2015"]
[Site "Reykjavik ISL"]
[Date "2015.03.12"]
[Round "4.87"]
[White "Eijk, Yuri"]
[Black "Stuhr, Finn"]
[Result "1-0"]
[WhiteElo "2062"]
[BlackElo "1823"]
[WhiteFideId "1017810"]
[BlackFideId "1400789"]
[EventDate "2015.03.10"]

1. d4 Nf6 2. c4 b6 3. Nc3 Bb7 4. Qc2 Nc6 5. Nf3 d5 6. cxd5 Nxd5 7. a3 g6 8. e4
Nxc3 9. bxc3 e6 10. Bg5 Be7 11. Bh6 Bf8 12. Bg5 Be7 13. h4 Qd6 14. e5 Qd5 15.
Bd3 Bxg5 16. hxg5 O-O-O 17. Qa4 Kb8 18. Rh4 Ne7 19. Be4 Qd7 20. Qxd7 Rxd7 21.
Bxb7 Kxb7 22. Ke2 Nf5 23. Rf4 Rf8 24. Rh1 Ne7 25. Kd3 Nd5 26. Rg4 c5 27. Rxh7
c4+ 28. Kc2 b5 29. Nd2 Kb6 30. Ne4 a5 31. Nf6 Rdd8 32. Nxd5+ Rxd5 33. Rgh4 Rd7
34. Rh8 Rdd8 35. Rxf8 Rxf8 36. Kd2 Rc8 37. Rh7 Rc7 38. Rh8 b4 39. axb4 Ra7 40.
bxa5+ Rxa5 41. Rc8 Kb5 42. Rc5+ Kb6 43. Rxc4 1-0

[Event "Reykjavik Open 2015"]
[Site "Reykjavik ISL"]
[Date "2015.03.12"]
[Round "4.88"]
[White "Andersen, Dag"]
[Black "Chan, James"]
[Result "0-1"]
[WhiteElo "1843"]
[BlackElo "2038"]
[WhiteFideId "1504568"]
[BlackFideId "2605775"]
[EventDate "2015.03.10"]

1. d4 Nf6 2. Nf3 d5 3. c4 c6 4. e3 a6 5. Bd2 g6 6. Nc3 Bg7 7. a4 a5 8. Be2 O-O
9. O-O Na6 10. cxd5 Nxd5 11. Nxd5 Qxd5 12. Bc3 Bg4 13. h3 Be6 14. Nd2 Qd8 15.
Bf3 Qb6 16. Qe2 Nb4 17. Nc4 Qa6 18. b3 c5 19. Rac1 Rac8 20. Bxb4 cxb4 21. d5 Bd7
22. e4 Bc3 23. Ne3 b5 24. Rfd1 Qb6 25. axb5 Bxb5 26. Qa2 Qa6 27. Nf1 Be5 28. Qd2
Rc3 29. Rxc3 bxc3 30. Qa2 a4 31. bxa4 Qxa4 32. Qxa4 Bxa4 33. Rc1 c2 34. Ne3 Rc8 0-1

[Event "Reykjavik Open 2015"]
[Site "Reykjavik ISL"]
[Date "2015.03.12"]
[Round "4.89"]
[White "Thiry, Jean-Christophe"]
[Black "Hansen, Tommy"]
[Result "1-0"]
[WhiteElo "2031"]
[BlackElo "1807"]
[WhiteFideId "209015"]
[BlackFideId "1511009"]
[EventDate "2015.03.10"]

1. d4 d5 2. Bf4 c5 3. e3 Nc6 4. c3 Nf6 5. Nd2 Bf5 6. Qb3 Qb6 7. dxc5 Qxc5 8.
Qxb7 Rc8 9. Ngf3 Na5 10. Qb5+ Qxb5 11. Bxb5+ Bd7 12. Bxd7+ Nxd7 13. O-O e6 14.
e4 Nf6 15. e5 Nd7 16. Be3 Nc6 17. c4 Ndxe5 18. Nxe5 Nxe5 19. cxd5 exd5 20. Bxa7
Kd7 21. Rfc1 Bb4 22. Nb3 Nd3 23. Rxc8 Rxc8 24. Bd4 f6 25. Rd1 Re8 26. a3 Bd6 27.
g3 Ne5 28. Kg2 Nc4 29. Nd2 Kc6 30. Nxc4 dxc4 31. Kf3 Bc5 32. Bc3 Bd6 33. Rd4 Kc5
34. Rg4 Be5 35. Rxg7 Bxc3 36. bxc3 Ra8 37. Re7 Rxa3 38. Re3 Ra2 39. g4 Rd2 40.
h4 Kd5 41. h5 h6 42. Kg3 Rd3 43. Kf4 Rd2 44. f3 Rd1 45. Re8 Rc1 46. Re3 Rd1 47.
Kf5 Rd3 48. Kf4 Rd1 49. Re7 Rc1 50. Rh7 Rxc3 51. Rxh6 Rd3 52. Rxf6 c3 53. Rf8
Kc4 54. Rc8+ Kb3 55. h6 Rd1 56. h7 1-0

[Event "Reykjavik Open 2015"]
[Site "Reykjavik ISL"]
[Date "2015.03.12"]
[Round "4.90"]
[White "Gschwendtner, Stanislav"]
[Black "Ontiveros, John"]
[Result "1-0"]
[WhiteElo "2009"]
[BlackElo "1774"]
[WhiteFideId "307297"]
[BlackFideId "2303981"]
[EventDate "2015.03.10"]

1. c4 e6 2. Nf3 Nf6 3. g3 c6 4. b3 d5 5. Bb2 Be7 6. Bg2 O-O 7. O-O Nbd7 8. d3 b5
9. Nd4 Qb6 10. cxb5 cxb5 11. Nd2 Bb7 12. N2f3 Rac8 13. Qd2 a5 14. Rac1 Bb4 15.
Qg5 Rxc1 16. Rxc1 Rc8 17. Rxc8+ Bxc8 18. Qc1 Bb7 19. h4 Bc5 20. e3 b4 21. Bh3
Ba6 22. Qc2 Bb7 23. g4 e5 24. Nf5 d4 25. e4 Ne8 26. g5 Bf8 27. N5xd4 Qd6 28.
Bxd7 Qxd7 29. Nf5 f6 30. Qc4+ Kh8 31. Bxe5 Nd6 32. Bxd6 Bxd6 33. Nxd6 Qxd6 34.
Qf7 Qb8 35. gxf6 gxf6 36. Qxf6+ Kg8 37. Ng5 Qc7 38. Ne6 Qc1+ 39. Kg2 1-0

[Event "Reykjavik Open 2015"]
[Site "Reykjavik ISL"]
[Date "2015.03.12"]
[Round "4.91"]
[White "Haraldsson, Sigurjon"]
[Black "Thorhallsson, Simon"]
[Result "0-1"]
[WhiteElo "1833"]
[BlackElo "2009"]
[WhiteFideId "2303655"]
[BlackFideId "2310090"]
[EventDate "2015.03.10"]

1. e4 c5 2. Nf3 d6 3. d4 cxd4 4. Nxd4 Nf6 5. Nc3 a6 6. Be3 e5 7. Nb3 Be7 8. f3
O-O 9. Qd2 Be6 10. O-O-O a5 11. Bb5 Na6 12. g4 Qb8 13. g5 Nh5 14. f4 Nxf4 15.
Bxf4 exf4 16. Qxf4 Nc7 17. Kb1 a4 18. Nd4 a3 19. b3 Qc8 20. Nf5 Bxf5 21. exf5
Ra5 22. f6 Nxb5 23. Nxb5 Rxb5 24. fxe7 Re8 25. Rxd6 Qc3 26. Qc1 Qb4 27. Rhd1 Re5
28. c3 Qe4+ 29. Ka1 R5xe7 30. Qxa3 Qe3 31. Qb2 Qxg5 32. Rd8 Qe5 33. Rxe8+ Rxe8
34. a4 g6 35. Ka2 f5 36. Rd7 b5 37. a5 Ra8 38. b4 0-1

[Event "Reykjavik Open 2015"]
[Site "Reykjavik ISL"]
[Date "2015.03.12"]
[Round "4.92"]
[White "Murray, Michael A."]
[Black "Nilsen, Tobias Lang"]
[Result "1-0"]
[WhiteElo "2008"]
[BlackElo "1761"]
[WhiteFideId "2609126"]
[BlackFideId "1521624"]
[EventDate "2015.03.10"]

1. e4 c6 2. d4 d5 3. exd5 cxd5 4. Bd3 Nf6 5. c3 Nc6 6. Bf4 e6 7. Nf3 Bd6 8. Bg3
O-O 9. Nbd2 Rb8 10. Qe2 a6 11. O-O Bxg3 12. fxg3 b5 13. a3 Qb6 14. Kh1 a5 15.
Ne5 b4 16. axb4 axb4 17. Rxf6 gxf6 18. Qh5 f5 19. Bxf5 exf5 20. Qg5+ Kh8 21.
Qf6+ Kg8 22. Nxc6 Re8 23. Qg5+ Kh8 24. Qf6+ Kg8 25. Qg5+ Kh8 26. Nxb8 bxc3 27.
bxc3 Qxb8 28. Nf3 Qb2 29. Qc1 Qxc1+ 30. Rxc1 Ba6 31. Kg1 f6 32. Re1 Rxe1+ 33.
Nxe1 Kg7 34. Kf2 Kg6 35. Kf3 Kf7 36. Kf4 Ke6 37. Nc2 Bd3 38. Ne3 h5 39. h3 Be4
40. g4 hxg4 41. h4 Kf7 42. h5 1-0